| 000 | 01841 a2200229 4500 | ||
|---|---|---|---|
| 001 | 3235 | ||
| 005 | 20260407155426.0 | ||
| 008 | 260407a1997 arg spa d | ||
| 003 | AR-UNSa-BCEJYS | ||
| 040 |
_aAR-UNSa-BCEJYS _bspa _cAR-UNSa-BCEJYS |
||
| 080 |
_a347.72 _xSociedades comerciales |
||
| 245 | 1 | 0 | _aSociedades comerciales |
| 020 | _a950-727-124-4 | ||
| 250 | _a2a. ed. | ||
| 264 | 1 |
_aBuenos Aires : _bRubinzal-Culzoni Editores _c1997 |
|
| 300 |
_a2 v. (784,863) _c22 cm. |
||
| 505 | _aVol. 1: 1. La sociedad comercial - 2. Sociedad y empresa - 3. Personalidad jurídica de las sociedades comerciales - 4. Constitución de la sociedad - 5. Nulidad e irregularidad de la sociedad - 6. De los socios - 7. Sociedades extranjeras - 8. Administración y representación - 9. Transformación, fusión y escisión. El derecho de receso - 10. Resolución parcial, disolución y liquidación - 11. Relaciones de control - 12. De la documentación y la contabilidad - Vol. 2: 13. Sociedades personales - 14. La sociedad de responsabilidad limitada - 15. La sociedad anónima - 16. Sociedades anónimas-El capital social y las acciones - 17. De las asambleas de la anónima - 18. Administración y representación de la anónima - 19. La fiscalización de la anónima - 20. Subtipos de sociedades anónimas - 21. Sociedad en comandita por acciones - 22. Debentures y obligaciones negociables - 23. Vinculaciones entre sociedades con fines de colaboración - 24. Nominatividad de los valores en serie - 25. Régimen societario del Mercosur - 26. Sociedades comerciales especiales - 27. Sociedades comerciales especiales (continuación) | ||
| 942 | _cBK | ||
| 590 | _aniveau_biblio:m niveau_hierar:0 | ||
| 100 | 1 | _aVillegas, Carlos Gilberto | |
| 856 | 4 | 1 |
_uhttps://biblioeco.unsa.edu.ar/pmb/images/libros/L86283.jpg _yImagen de portada _qimage/jpeg |
| 999 |
_c304 _d304 |
||